| 000 | 01187cam a22002295a 4500 | ||
|---|---|---|---|
| 001 | E148125 | ||
| 008 | 090731s2009 xxk f 000 0 eng d | ||
| 035 | _a(Sirsi) u148125 | ||
| 041 | 0 | _aeng | |
| 050 | 0 | 4 | _a333.33 $2 18 |
| 110 | 2 |
_aBritish Retail Consortium _91582 |
|
| 245 | 0 | 0 |
_a21st century high streets _ba new vision for our town centres _h[electronic resource] |
| 260 |
_aLondon _bBRC _c2009 |
||
| 505 | 2 | _aRecommendations -- Introduction -- Defining the high street -- Tough times on the high street -- Policy priorities for action: a unique sense of place; an attractive public realm; planning for success; accessibility; safety and security; supportive regulatory and fiscal regimes -- Conclusions -- References and acknowledgements | |
| 520 | _aLooks at best practice in relation to high street retailing and makes recommendations for future development and investment. | ||
| 521 | _aAdvanced | ||
| 590 | _aKA | ||
| 651 | 4 |
_aUnited Kingdom _y |
|
| 690 | _aPROPERTY-COMMERCIAL PROPERTY-RETAIL PROPERTY | ||
| 856 | 4 | 0 |
_uhttps://www.brc.org.uk/policymaster04.asp?id=611&sPolicy=21ST+CENTURY+HIGH+STREETS _zView the report free of charge at www.brc.org.uk... |
| 942 | _n0 | ||
| 999 |
_c109895 _d109895 |
||